Újmiséseink

Bibliographic Details
Main Author: Mikus, Csaba, 1989- (Author)
Format: Article
Language:Hungarian
PhysicalDescription:Fotogr.
ISSN:1335-6534
Subjects:

MARC

LEADER 00000nab a2200000 a 4500
001 vtls010740695
003 SK-MaSNL
005 20260319071240.0
008 150730|2015 xo w| 000 02hun
015 |a SNBRB2015/07 
038 |a DSZK 
040 |a DSZK  |b slo  |c DSZK  |e AACR2 
041 0 |a hun 
044 |a xo  |c SK 
080 |a 27-726.3-774  |2 2001 
100 1 |a Mikus, Csaba,  |d 1989-  |4 aut  |9 1097879 
245 1 0 |a Újmiséseink  |c Mikus Csaba 
300 |b Fotogr. 
500 |a Biogr. údaje 
600 1 7 |a Mikus, Csaba,  |d 1989-  |2 dszk  |9 1097879 
650 0 7 |a kňazi  |2 SNKPH  |9 28986 
651 7 |a Blatná na Ostrove (Slovensko)  |2 SNKPHgeo  |9 99960 
655 7 |a autobiografie  |2 SNKPH  |9 70280 
773 0 |t Remény  |g Évf. XXVI, sz. 31 (2015), o. 13  |x 1335-6534 
852 |a DSZK  |b KIS3GCP 
958 |a HU 
958 |a SK 
958 |a NT 
999 |c 1804159  |d 1806089